[Event "Amsterdam Science Park op-A"]
[Site "Amsterdam"]
[Date "2023.07.21"]
[Round "7"]
[White "Kanis, Sierk"]
[Black "Hopman, Pieter"]
[Result "1-0"]
[WhiteElo "2112"]
[BlackElo "2323"]
[PlyCount "89"]
[EventDate "2023.07.15"]
[EventType "swiss"]
[EventRounds "9"]
[EventCountry "NED"]
[SourceTitle "CBM 215 Extra"]
[Source "ChessBase"]
[SourceDate "2023.09.30"]
[SourceVersion "1"]
[SourceVersionDate "2023.09.30"]
[SourceQuality "1"]

1. d4 f5 2. Nf3 Nf6 3. Bf4 e6 4. e3 b6 5. Be2 Bb7 6. 0-0 Be7 7. h3 0-0 8. c4 d6 9. Nc3 Ne4 10. Rc1 Bf6 11. Bh2 Qe7 12. Nxe4 fxe4 13. Nd2 c5 14. Qc2 d5 15. cxd5 exd5 16. dxc5 bxc5 17. Qxc5 Qe6 18. Bg4 Qa6 19. b4 Re8 20. Nb3 Be7 21. b5 Qa4 22. Qc7 Qxb5 23. Nd4 Qb6 24. Be6+ Kh8 25. Bf7 Na6 26. Qxb6 axb6 27. Bxe8 Rxe8 28. Rb1 Bc5 29. a3 Kg8 30. Rb5 Bc8 31. Rfb1 Re7 32. g4 h5 33. a4 hxg4 34. a5 Bd7 35. Rxb6 Bxb6 36. Rxb6 Bc8 37. hxg4 Rb7 38. Bd6 Kh7 39. Rc6 Rb1+ 40. Kg2 Bb7 41. Rb6 Rxb6 42. axb6 Kg6 43. Nb3 Kf6 44. Na5 Bc8 45. b7 1-0

[Event "Amsterdam Science Park op-A"]
[Site "Amsterdam"]
[Date "2023.07.20"]
[Round "6"]
[White "Honkoop, Gilian"]
[Black "Hopman, Pieter"]
[Result "1/2-1/2"]
[WhiteElo "2193"]
[BlackElo "2323"]
[PlyCount "177"]
[EventDate "2023.07.15"]
[EventType "swiss"]
[EventRounds "9"]
[EventCountry "NED"]
[SourceTitle "CBM 215 Extra"]
[Source "ChessBase"]
[SourceDate "2023.09.30"]
[SourceVersion "1"]
[SourceVersionDate "2023.09.30"]
[SourceQuality "1"]

1. d4 d6 2. Nf3 f5 3. g3 Nf6 4. Bg2 e6 5. 0-0 Be7 6. c4 0-0 7. b3 a5 8. Bb2 Qe8 9. Nbd2 Ne4 10. Nxe4 fxe4 11. Nd2 d5 12. f3 e3 13. Nb1 Bf6 14. Na3 c5 15. f4 Nc6 16. Nc2 Nxd4 17. Nxd4 dxc4 18. Rc1 cxd4 19. Bxd4 Bxd4 20. Qxd4 cxb3 21. axb3 Qd7 22. Qxe3 Ra6 23. Rc3 Rd6 24. Rfc1 Rd1+ 25. Rxd1 Qxd1+ 26. Kf2 Qd6 27. Qc5 Qb8 28. Qxa5 e5 29. Qd5+ Kh8 30. e3 exf4 31. gxf4 Qa7 32. Qc5 Qxc5 33. Rxc5 Rd8 34. Rc7 Be6 35. Bxb7 Bxb3 36. Rc8 Rxc8 37. Bxc8 Kg8 38. e4 Kf7 39. Ke3 Bc2 40. Kd4 Ke7 41. Ke5 Bd3 42. Bf5 h6 43. Bc8 Bf1 44. Bb7 Bh3 45. Ba6 Bg4 46. Bc4 Bh3 47. Bg8 Bc8 48. Bh7 Bd7 49. Bf5 Be8 50. Bc8 Bg6 51. Bb7 Be8 52. Kf5 Bf7 53. Bd5 Bh5 54. Bb7 Be8 55. Bc8 Bh5 56. e5 Be8 57. e6 Bh5 58. Bd7 Kd6 59. Bc8 Ke7 60. Ba6 Kf8 61. Bd3 Ke7 62. Bb1 Be8 63. Bc2 Bh5 64. Bb3 Kd6 65. Ba2 Ke7 66. Bd5 Kd6 67. Be4 Ke7 68. Ke5 Bg4 69. Bd5 Bh3 70. Bc4 Bg4 71. f5 Bd1 72. Bd3 Bb3 73. Be2 Ba2 74. Bh5 Bb3 75. Bf7 Bc2 76. h4 Bd3 77. Bg6 Bc2 78. Kd5 Bb3+ 79. Kc5 Bd1 80. Kd4 Bb3 81. Ke5 Bc2 82. Bh5 Bd3 83. Bf3 Bc2 84. Be4 Bb3 85. Bd3 Ba2 86. f6+ gxf6+ 87. Kf5 Bxe6+ 88. Kg6 f5 89. Bxf5 1/2-1/2

[Event "BEL-chT 2223"]
[Site "Belgium"]
[Date "2023.04.16"]
[Round "10.3"]
[White "Hopman, Pieter"]
[Black "Kryvolapova, Olena"]
[Result "1-0"]
[WhiteElo "2347"]
[BlackElo "1945"]
[PlyCount "111"]
[EventDate "2022.09.25"]
[EventType "team-tourn"]
[EventRounds "11"]
[EventCountry "BEL"]
[SourceTitle "EXT 2024"]
[Source "ChessBase"]
[SourceDate "2023.10.10"]
[SourceVersion "1"]
[SourceVersionDate "2023.10.10"]
[SourceQuality "1"]
[WhiteTeam "Liege Crelel"]
[BlackTeam "Mechelen"]
[WhiteTeamCountry "BEL"]
[BlackTeamCountry "BEL"]

1. d4 d5 2. c4 e6 3. Nc3 Nf6 4. cxd5 exd5 5. Bg5 Be7 6. e3 h6 7. Bh4 0-0 8. Bd3 c6 9. Qc2 Re8 10. Nge2 Ne4 11. Bxe7 Qxe7 12. Ng3 Nxc3 13. bxc3 c5 14. 0-0 Nc6 15. Qb2 cxd4 16. cxd4 Rd8 17. Rad1 h5 18. Nxh5 Bg4 19. Be2 Bxe2 20. Qxe2 Rd6 21. Ng3 Qd7 22. Qd3 Ne7 23. f3 Ra6 24. Rd2 f5 25. Rb1 Rc6 26. Rdb2 b6 27. Rc2 Rxc2 28. Qxc2 Rc8 29. Qd3 Rc7 30. Rf1 Qc8 31. e4 Rc3 32. Qd2 Qc4 33. Kh1 dxe4 34. Qg5 Nc6 35. d5 exf3 36. dxc6 fxg2+ 37. Kxg2 Qxc6+ 38. Kh3 Rc2 39. Nxf5 Rc3+ 40. Ng3 Qd7+ 41. Qf5 Qxf5+ 42. Rxf5 Rc2 43. Re5 Kf7 44. Re2 Rc3 45. Kg4 b5 46. Nf5 Rc4+ 47. Kg5 Rc5 48. Re7+ Kf8 49. Rxa7 Rc2 50. h4 Rg2+ 51. Kf4 g6 52. Nd4 Rd2 53. Ne6+ Ke8 54. Kg5 Rg2+ 55. Kf6 Rg4 56. Re7# 1-0

[Event "Bad Woerishofen op 38th"]
[Site "Bad Woerishofen"]
[Date "2023.03.05"]
[Round "3"]
[White "Hopman, Pieter"]
[Black "Mendonca, Leon Luke"]
[Result "0-1"]
[WhiteElo "2335"]
[BlackElo "2558"]
[PlyCount "54"]
[EventDate "2023.03.03"]
[EventType "swiss"]
[EventRounds "9"]
[EventCountry "GER"]
[SourceTitle "CBM 213 Extra"]
[Source "ChessBase"]
[SourceDate "2023.05.31"]
[SourceVersion "1"]
[SourceVersionDate "2023.05.31"]
[SourceQuality "1"]

1. d4 d5 2. c4 e6 3. Nc3 Bb4 4. Qa4+ Nc6 5. a3 Bxc3+ 6. bxc3 Nge7 7. Nf3 0-0 8. e3 b6 9. cxd5 Qxd5 10. Qb5 Na5 11. a4 Nb3 12. Rb1 Nxc1 13. Rxc1 c5 14. Bd3 Bb7 15. Qb1 Qh5 16. 0-0 Bxf3 17. gxf3 f5 18. Rfd1 Qxf3 19. Kf1 Rf6 20. Ke1 Qh1+ 21. Ke2 Qxh2 22. dxc5 Qh5+ 23. Ke1 f4 24. Be4 fxe3 25. Bxa8 Rxf2 26. Rd8+ Kf7 27. Rc2 Qh2 0-1

[Event "BL2-Sued 2122"]
[Site "Germany"]
[Date "2022.07.03"]
[Round "10.6"]
[White "Bodrozic, Tomislav"]
[Black "Hopman, Pieter"]
[Result "0-1"]
[WhiteElo "2349"]
[BlackElo "2352"]
[PlyCount "66"]
[EventDate "2022.03.05"]
[EventType "team-tourn"]
[EventRounds "10"]
[EventCountry "GER"]
[SourceTitle "EXT 2023"]
[Source "ChessBase"]
[SourceDate "2022.10.05"]
[SourceVersion "1"]
[SourceVersionDate "2022.10.05"]
[SourceQuality "1"]
[WhiteTeam "Speyer Schwegenheim"]
[BlackTeam "Oetigheim"]
[WhiteTeamCountry "GER"]
[BlackTeamCountry "GER"]

1. e4 d6 2. d4 Nf6 3. Nc3 e5 4. Nge2 Be7 5. g3 c6 6. Bg2 b5 7. a3 a5 8. 0-0 Ba6 9. b4 Nbd7 10. h3 h5 11. f4 0-0 12. Bf3 Qb8 13. Kg2 Bc8 14. Rb1 axb4 15. axb4 Nb6 16. Qe1 Nc4 17. Qf2 Bd8 18. fxe5 dxe5 19. Bg5 Ng4 20. Bxg4 Bxg5 21. Bxh5 Ne3+ 22. Kh2 Nxf1+ 23. Rxf1 Qa7 24. h4 Bf6 25. d5 Qxf2+ 26. Rxf2 Bb7 27. Nc1 cxd5 28. exd5 Rfc8 29. Nxb5 Bxd5 30. Nd3 Ra1 31. Kh3 Rh1+ 32. Kg4 Rc4+ 33. Kf5 Be6# 0-1

[Event "BEL-chT 2122"]
[Site "Belgium"]
[Date "2022.03.20"]
[Round "4.7"]
[White "Hopman, Pieter"]
[Black "Singh, Marcel"]
[Result "1-0"]
[WhiteElo "2349"]
[BlackElo "1911"]
[PlyCount "87"]
[EventDate "2021.10.24"]
[EventType "team-tourn"]
[EventRounds "11"]
[EventCountry "BEL"]
[SourceTitle "EXT 2023"]
[Source "ChessBase"]
[SourceDate "2022.10.05"]
[SourceVersion "1"]
[SourceVersionDate "2022.10.05"]
[SourceQuality "1"]
[WhiteTeam "Liege Crelel"]
[BlackTeam "KSK47 Eynatten"]
[WhiteTeamCountry "BEL"]
[BlackTeamCountry "BEL"]

1. d4 e5 2. dxe5 Nc6 3. Nf3 Qe7 4. Nc3 Nxe5 5. Nd5 Nxf3+ 6. gxf3 Qd8 7. Bf4 d6 8. e4 Nf6 9. Bg5 Be7 10. Nxe7 Qxe7 11. Qd2 Bd7 12. Be3 Bc6 13. c4 0-0-0 14. Rg1 Rhg8 15. Qa5 a6 16. 0-0-0 Qe5 17. Qa3 h6 18. b4 b6 19. Qxa6+ Kb8 20. Qa3 Qxh2 21. Be2 Qe5 22. Bd4 Qf4+ 23. Rd2 g5 24. Qc3 Nd7 25. a4 g4 26. fxg4 Bxe4 27. Be3 Qe5 28. Qxe5 Nxe5 29. Rg3 f5 30. gxf5 Bxf5 31. Bxh6 Rh8 32. Be3 Nc6 33. Rb2 Rh1+ 34. Kd2 Rb1 35. Rxb1 Bxb1 36. Kc3 Be4 37. f3 Bf5 38. Bd2 Re8 39. Bf1 Kc8 40. Rg5 Bh7 41. Bh3+ Kb7 42. Rg7 Bg8 43. f4 Be6 44. Bg2 1-0

[Event "BEL-chT 2122"]
[Site "Belgium"]
[Date "2022.02.13"]
[Round "7.7"]
[White "Dengis, Emile"]
[Black "Hopman, Pieter"]
[Result "0-1"]
[WhiteElo "1664"]
[BlackElo "2349"]
[PlyCount "48"]
[EventDate "2021.10.24"]
[EventType "team-tourn"]
[EventRounds "11"]
[EventCountry "BEL"]
[SourceTitle "EXT 2023"]
[Source "ChessBase"]
[SourceDate "2022.10.05"]
[SourceVersion "1"]
[SourceVersionDate "2022.10.05"]
[SourceQuality "1"]
[WhiteTeam "Tal"]
[BlackTeam "Liege Crelel"]
[WhiteTeamCountry "BEL"]
[BlackTeamCountry "BEL"]

1. e4 d6 2. d4 Nf6 3. Bd3 e5 4. Nf3 Nbd7 5. 0-0 Be7 6. b3 exd4 7. Nxd4 Ne5 8. Bb2 0-0 9. Nd2 d5 10. exd5 Nxd3 11. cxd3 Qxd5 12. Qf3 Qxf3 13. N2xf3 Nd5 14. Rac1 Bf6 15. Ba1 c6 16. Nd2 Nf4 17. Ne4 Bxd4 18. Bxd4 Ne2+ 19. Kh1 Nxd4 20. f4 Rd8 21. Rc5 b6 22. Rg5 f5 23. Nf6+ Kf7 24. Nh5 g6 0-1

[Event "Oberliga Baden 1920"]
[Site "Baden"]
[Date "2020.02.09"]
[Round "6.5"]
[White "Hopman, Pieter"]
[Black "Jaeggi, Dorian"]
[Result "1/2-1/2"]
[WhiteElo "2335"]
[BlackElo "2307"]
[PlyCount "95"]
[EventDate "2019.09.29"]
[EventType "team-tourn"]
[EventRounds "9"]
[EventCountry "GER"]
[SourceTitle "CBM 195 Extra"]
[Source "ChessBase"]
[SourceDate "2020.05.31"]
[SourceVersion "1"]
[SourceVersionDate "2020.05.31"]
[SourceQuality "1"]
[WhiteTeam "Oetigheim"]
[BlackTeam "Brombach"]
[WhiteTeamCountry "GER"]
[BlackTeamCountry "GER"]

1. d4 Nf6 2. c4 e6 3. Nf3 b6 4. a3 Ba6 5. Qc2 Bb7 6. Nc3 c5 7. e4 cxd4 8. Nxd4 Bc5 9. Nb3 Nc6 10. Bf4 e5 11. Bg5 h6 12. Bh4 0-0 13. Be2 Nd4 14. Nxd4 Bxd4 15. Nd5 g5 16. Nxf6+ Qxf6 17. Bg3 Rac8 18. h4 Qg6 19. hxg5 Bxe4 20. Qd2 hxg5 21. f3 Bf5 22. Bf2 Bxf2+ 23. Kxf2 e4 24. g4 Be6 25. Rh5 f6 26. Rah1 Kg7 27. Qd4 Rh8 28. fxe4 Rxh5 29. gxh5 Qf7 30. h6+ Kh8 31. Kg3 Qe7 32. b4 Bg8 33. Kf2 Bh7 34. Rd1 Bxe4 35. Bg4 Re8 36. Bh5 Rf8 37. Qxd7 Qxd7 38. Rxd7 Rc8 39. Be2 a5 40. b5 f5 41. Ke3 Re8 42. Bh5 Re6 43. Bf7 Rxh6 44. Bd5 Bxd5 45. cxd5 Kg8 46. Rc7 Rh4 47. Rc6 Kf7 48. Rxb6 1/2-1/2

[Event "Oberliga Baden 1920"]
[Site "Baden"]
[Date "2019.09.29"]
[Round "1.5"]
[White "Hopman, Pieter"]
[Black "Heinemann, Josefine"]
[Result "0-1"]
[WhiteElo "2335"]
[BlackElo "2310"]
[PlyCount "84"]
[EventDate "2019.09.29"]
[EventType "team-tourn"]
[EventRounds "9"]
[EventCountry "GER"]
[SourceTitle "CBM 195 Extra"]
[Source "ChessBase"]
[SourceDate "2020.05.31"]
[SourceVersion "1"]
[SourceVersionDate "2020.05.31"]
[SourceQuality "1"]
[WhiteTeam "Oetigheim"]
[BlackTeam "Viernheim II"]
[WhiteTeamCountry "GER"]
[BlackTeamCountry "GER"]

1. e4 c5 2. Nc3 d6 3. Bb5+ Bd7 4. Bxd7+ Qxd7 5. Nf3 Nc6 6. 0-0 g6 7. d4 cxd4 8. Nxd4 Bg7 9. Be3 Nf6 10. f3 0-0 11. Qd2 Rac8 12. Rfd1 a6 13. a4 Qc7 14. Nxc6 bxc6 15. Kh1 Rb8 16. Rab1 Rb4 17. b3 c5 18. Bg5 Rd4 19. Qe2 Rxd1+ 20. Rxd1 Qb7 21. Nd5 Nxd5 22. exd5 Re8 23. Qc4 Bf6 24. h4 Bxg5 25. hxg5 e5 26. Re1 Qc8 27. Re4 Kg7 28. c3 Qf5 29. Qxa6 Rd8 30. Rg4 Qb1+ 31. Kh2 Qxb3 32. c4 Qb8 33. Re4 Qc7 34. f4 exf4 35. Rxf4 Qe7 36. g3 Rb8 37. Qa5 Rb4 38. Rf2 Qe3 39. Kg2 Rb3 40. Qd2 Qxg3+ 41. Kf1 Qh3+ 42. Ke1 Qh1+ 0-1

[Event "Arber op 8th"]
[Site "Bodenmais"]
[Date "2019.08.02"]
[Round "7"]
[White "Bogdanov, Egor"]
[Black "Hopman, Pieter"]
[Result "1-0"]
[WhiteElo "2407"]
[BlackElo "2347"]
[PlyCount "73"]
[EventDate "2019.07.27"]
[EventType "swiss"]
[EventRounds "9"]
[EventCountry "GER"]
[SourceTitle "CBM 191 Extra"]
[Source "ChessBase"]
[SourceDate "2019.09.30"]
[SourceVersion "1"]
[SourceVersionDate "2019.09.30"]
[SourceQuality "1"]

1. e4 d6 2. d4 Nf6 3. Nc3 e5 4. Nge2 c6 5. g3 Be7 6. Bg2 0-0 7. 0-0 b5 8. a3 a5 9. h3 Ba6 10. b4 Bc8 11. Be3 Nbd7 12. d5 Bb7 13. Qd3 Qb8 14. g4 Rc8 15. g5 Nh5 16. h4 cxd5 17. Nxd5 Bxd5 18. Qxd5 Nb6 19. Qxb5 Nc4 20. Qxb8 Raxb8 21. Bf3 Nf4 22. Nxf4 Nxe3 23. fxe3 exf4 24. exf4 axb4 25. axb4 Rxb4 26. Ra2 d5 27. Bg4 Rd8 28. e5 h6 29. Bf5 hxg5 30. hxg5 g6 31. Bd3 Bc5+ 32. Kg2 Kf8 33. Kf3 Bb6 34. Rh1 Kg7 35. Ra6 Re8 36. Rh6 Rb1 37. f5 1-0

[Event "Arber op 8th"]
[Site "Bodenmais"]
[Date "2019.07.29"]
[Round "3"]
[White "Fuchs, Michael"]
[Black "Hopman, Pieter"]
[Result "0-1"]
[WhiteElo "2114"]
[BlackElo "2347"]
[PlyCount "82"]
[EventDate "2019.07.27"]
[EventType "swiss"]
[EventRounds "9"]
[EventCountry "GER"]
[SourceTitle "CBM 191 Extra"]
[Source "ChessBase"]
[SourceDate "2019.09.30"]
[SourceVersion "1"]
[SourceVersionDate "2019.09.30"]
[SourceQuality "1"]

1. e4 d6 2. d4 Nf6 3. Bd3 e5 4. c3 Nbd7 5. Nf3 d5 6. dxe5 dxe4 7. exf6 exf3 8. Qxf3 Ne5 9. Bb5+ c6 10. Qe4 Qxf6 11. f4 cxb5 12. Qxe5+ Qxe5+ 13. fxe5 Bc5 14. Nd2 Bf5 15. Nb3 Bb6 16. Nd4 Bd7 17. Be3 0-0 18. 0-0-0 Rfe8 19. Bf4 b4 20. Nc2 Bg4 21. Nxb4 Bxd1 22. Rxd1 Bc7 23. Nd3 Rad8 24. Kc2 f6 25. exf6 Bxf4 26. Nxf4 Rxd1 27. Kxd1 gxf6 28. Kd2 Kf7 29. g3 Rd8+ 30. Kc2 Ke7 31. c4 Kd6 32. Nd3 h5 33. c5+ Kc6 34. Kc3 Re8 35. Nf4 h4 36. Nh5 h3 37. Kd3 f5 38. b4 Re4 39. a3 a5 40. bxa5 Ra4 41. Nf4 Kxc5 0-1

[Event "Nis op"]
[Site "Nis"]
[Date "2019.06.29"]
[Round "5"]
[White "Gan Od, Sereenen"]
[Black "Hopman, Pieter"]
[Result "1-0"]
[WhiteElo "2294"]
[BlackElo "2347"]
[PlyCount "98"]
[EventDate "2019.06.25"]
[EventType "swiss"]
[EventRounds "9"]
[EventCountry "SRB"]
[SourceTitle "CBM 191 Extra"]
[Source "ChessBase"]
[SourceDate "2019.09.30"]
[SourceVersion "1"]
[SourceVersionDate "2019.09.30"]
[SourceQuality "1"]

1. e4 e5 2. Qh5 Nc6 3. Bc4 g6 4. Qf3 Nf6 5. Ne2 Bg7 6. d3 0-0 7. Nbc3 Na5 8. h3 c6 9. g4 b5 10. Bb3 b4 11. Nd1 d5 12. Ne3 dxe4 13. dxe4 Ba6 14. Ng3 c5 15. g5 Ne8 16. Bd5 Bb7 17. Bxb7 Nxb7 18. h4 Nbd6 19. Bd2 Nb5 20. h5 Nd4 21. Qd1 Ne6 22. Qg4 Qxg5 23. hxg6 Qxg4 24. gxh7+ Kh8 25. Nxg4 Nd4 26. 0-0-0 Nd6 27. Ne3 a5 28. Nef5 Nxe4 29. Nxg7 Nxd2 30. Rxd2 Kxg7 31. Ne4 Rh8 32. f4 exf4 33. Nxc5 Ne6 34. Rg2+ Kf6 35. Nd7+ Ke7 36. Ne5 Kf6 37. Ng4+ Ke7 38. Nh6 Raf8 39. Ng8+ Kd6 40. Rh5 a4 41. Rd2+ Kc6 42. Ne7+ Kb7 43. Rb5+ Ka6 44. Rxb4 Rxh7 45. Rd6+ Ka7 46. Nc6+ Ka6 47. Nd4+ Ka7 48. Nc6+ Ka6 49. Nd4+ Ka5 1-0

[Event "Nis op"]
[Site "Nis"]
[Date "2019.06.25"]
[Round "1"]
[White "Mitali, Madhukar Patil"]
[Black "Hopman, Pieter"]
[Result "0-1"]
[WhiteElo "2045"]
[BlackElo "2347"]
[PlyCount "74"]
[EventDate "2019.06.25"]
[EventType "swiss"]
[EventRounds "9"]
[EventCountry "SRB"]
[SourceTitle "EXT 2020"]
[Source "ChessBase"]
[SourceDate "2019.10.17"]
[SourceVersion "1"]
[SourceVersionDate "2019.10.17"]
[SourceQuality "1"]

1. e4 c5 2. Nf3 d6 3. d4 cxd4 4. Nxd4 Nf6 5. Nc3 Nc6 6. Bg5 e5 7. Nb3 Be7 8. Bb5 0-0 9. Bxc6 bxc6 10. 0-0 a5 11. a4 Ba6 12. Re1 Bc4 13. Nd2 Be6 14. b3 Nd7 15. Be3 d5 16. exd5 cxd5 17. Nb5 d4 18. Bxd4 exd4 19. Nxd4 Ra6 20. Nxe6 Rxe6 21. Nc4 Bb4 22. Re3 Rxe3 23. Nxe3 Nc5 24. Qf3 Qd2 25. Rd1 Qc3 26. h3 Ne6 27. Rd3 Qe1+ 28. Kh2 Bc5 29. Rd1 Qc3 30. Rd3 Qe5+ 31. Kg1 Re8 32. Ng4 Qe1+ 33. Kh2 h5 34. Ne3 Nd4 35. Qf4 Ne2 36. Rd1 Qxd1 37. Nxd1 Nxf4 0-1

[Event "Schilcherland op 2nd"]
[Site "Deutschlandsberg"]
[Date "2019.01.01"]
[Round "5"]
[White "Antal, Gergely"]
[Black "Hopman, Pieter"]
[Result "1-0"]
[WhiteElo "2553"]
[BlackElo "2326"]
[PlyCount "89"]
[EventDate "2018.12.29"]
[EventType "swiss"]
[EventRounds "9"]
[EventCountry "AUT"]
[SourceTitle "CBM 188 Extra"]
[Source "ChessBase"]
[SourceDate "2019.02.26"]
[SourceVersion "1"]
[SourceVersionDate "2019.02.26"]
[SourceQuality "1"]

1. e4 d6 2. d4 Nf6 3. Nc3 e5 4. Nf3 Nbd7 5. Bc4 Be7 6. a4 0-0 7. 0-0 c6 8. h3 a5 9. Re1 Nb6 10. Bf1 exd4 11. Nxd4 d5 12. e5 Ne8 13. Nce2 c5 14. Nb5 Nc7 15. Ng3 Nxb5 16. axb5 Be6 17. Nh5 g6 18. Ra3 Kh8 19. Nf6 Bxf6 20. exf6 Qxf6 21. Rf3 Qg7 22. Bg5 Nd7 23. Qc1 Rfe8 24. Bh6 Qg8 25. b6 f6 26. Bb5 Qf7 27. Qf4 Bf5 28. Rxe8+ Rxe8 29. g4 Be6 30. Re3 d4 31. Re2 Bd5 32. Rxe8+ Qxe8 33. Bxd7 Qe1+ 34. Kh2 Qh1+ 35. Kg3 Qg2+ 36. Kh4 g5+ 37. Bxg5 fxg5+ 38. Kxg5 Kg8 39. Qb8+ Kg7 40. Qe5+ Kf7 41. Bf5 h6+ 42. Kxh6 Qxh3+ 43. Kg5 Qh1 44. Qc7+ Kg8 45. Qxc5 1-0

[Event "BEL-chT 1718"]
[Site "Belgium"]
[Date "2018.04.22"]
[Round "10.5"]
[White "Haub, Thorsten Michael"]
[Black "Hopman, Pieter"]
[Result "1-0"]
[WhiteElo "2397"]
[BlackElo "2318"]
[PlyCount "69"]
[EventDate "2017.09.24"]
[EventType "team-tourn"]
[EventRounds "11"]
[EventCountry "BEL"]
[SourceTitle "EXT 2019"]
[Source "ChessBase"]
[SourceDate "2018.10.10"]
[SourceVersion "1"]
[SourceVersionDate "2018.10.10"]
[SourceQuality "1"]
[WhiteTeam "Wirtzfeld"]
[BlackTeam "Liege Crelel"]
[WhiteTeamCountry "BEL"]
[BlackTeamCountry "BEL"]

1. Nf3 d6 2. c4 e5 3. Nc3 f5 4. d4 e4 5. Nd2 Nf6 6. e3 Be7 7. f3 exf3 8. Nxf3 0-0 9. Bd3 c5 10. 0-0 g6 11. a3 Re8 12. b4 Bf8 13. Re1 Bg7 14. Rb1 Nh5 15. Nd5 Nc6 16. b5 Ne7 17. e4 Nxd5 18. exd5 cxd4 19. Bg5 Qd7 20. Qd2 Be5 21. c5 Qc7 22. c6 f4 23. Nxe5 dxe5 24. Qb4 bxc6 25. bxc6 Bf5 26. d6 Qxc6 27. Bb5 Qb6 28. Bxe8 Qxb4 29. Rxb4 Rxe8 30. Rxd4 h6 31. Bxf4 Nxf4 32. Rxf4 Kf7 33. d7 Rd8 34. Rxe5 Rxd7 35. g4 1-0

[Event "BEL-chT 1718"]
[Site "Belgium"]
[Date "2018.03.11"]
[Round "8.5"]
[White "Matnadze, Ana"]
[Black "Hopman, Pieter"]
[Result "1-0"]
[WhiteElo "2393"]
[BlackElo "2318"]
[PlyCount "49"]
[EventDate "2017.09.24"]
[EventType "team-tourn"]
[EventRounds "11"]
[EventCountry "BEL"]
[SourceTitle "EXT 2019"]
[Source "ChessBase"]
[SourceDate "2018.10.10"]
[SourceVersion "1"]
[SourceVersionDate "2018.10.10"]
[SourceQuality "1"]
[WhiteTeam "Wachtebeke"]
[BlackTeam "Liege Crelel"]
[WhiteTeamCountry "BEL"]
[BlackTeamCountry "BEL"]

1. Nf3 e6 2. c4 Nf6 3. d4 Bb4+ 4. Bd2 c5 5. g3 0-0 6. Bg2 d5 7. 0-0 Bxd2 8. Nbxd2 cxd4 9. cxd5 Nxd5 10. Nxd4 e5 11. Nb5 Be6 12. Nc4 Nc6 13. Nbd6 Nde7 14. Rc1 Rb8 15. e3 Qd7 16. Ne4 Qxd1 17. Rfxd1 b5 18. Ncd6 Bxa2 19. Nc5 Bc4 20. Nd7 Na5 21. Nxb8 Rxb8 22. Nxc4 Nxc4 23. Rd7 Nf5 24. b3 Na5 25. Bd5 1-0

[Event "Schilcherland op 1st"]
[Site "Deutschlandsberg"]
[Date "2018.01.03"]
[Round "6"]
[White "Hopman, Pieter"]
[Black "Womacka, Mathias"]
[Result "0-1"]
[WhiteElo "2307"]
[BlackElo "2438"]
[PlyCount "150"]
[EventDate "2017.12.29"]
[EventType "swiss"]
[EventRounds "9"]
[EventCountry "AUT"]
[SourceTitle "CBM 182 Extra"]
[Source "ChessBase"]
[SourceDate "2018.02.23"]
[SourceVersion "1"]
[SourceVersionDate "2018.02.23"]
[SourceQuality "1"]

1. d4 Nf6 2. Bg5 Ne4 3. Bf4 c5 4. f3 Qa5+ 5. c3 Nf6 6. d5 Qb6 7. Bc1 e6 8. e4 exd5 9. exd5 Bd6 10. Na3 0-0 11. Bd3 Re8+ 12. Ne2 Bf8 13. Nc4 Qa6 14. Ne3 b5 15. c4 bxc4 16. Bxc4 Qb6 17. 0-0 d6 18. g4 Ba6 19. b3 Nbd7 20. g5 Nh5 21. f4 Bxc4 22. Nxc4 Qa6 23. Nc3 g6 24. f5 Ne5 25. Ne3 Rab8 26. a3 Rb4 27. axb4 Qxa1 28. Nb5 cxb4 29. Qd2 Rc8 30. Nd4 Qc3 31. Qxc3 Rxc3 32. Nb5 Rxb3 33. Nxa7 Nd3 34. Bd2 Rb2 35. Rd1 gxf5 36. Nxf5 Nhf4 37. Nb5 Nxd5 38. Nfxd6 b3 39. Ne4 Ra2 40. Bc3 N3f4 41. Rb1 Ra4 42. Nf6+ Nxf6 43. Bxf6 Rb4 44. Nc3 Bg7 45. Kf2 Bxf6 46. gxf6 Nh5 47. Nd5 Rb5 48. Nc3 Rb8 49. Ne4 h6 50. Rb2 Kh7 51. Nd2 Nxf6 52. Rxb3 Rxb3 53. Nxb3 Kg6 54. Nd4 Nd5 55. Kg3 Kg5 56. Nf3+ Kf5 57. Kh4 Nf4 58. Nd4+ Ke4 59. Nc6 f5 60. Ne7 Ng2+ 61. Kg3 Ne3 62. Ng6 Nd5 63. Nh4 Nb4 64. Nf3 Nd3 65. Nd2+ Ke3 66. Nf3 h5 67. Ng5 Ne5 68. Ne6 Ng6 69. Ng7 f4+ 70. Kh3 f3 71. Nf5+ Ke2 72. Nd4+ Kf2 73. Nf5 Ke1 74. Ng3 f2 75. Kg2 h4 0-1

[Event "Schilcherland op 1st"]
[Site "Deutschlandsberg"]
[Date "2017.12.31"]
[Round "3"]
[White "Berke, Ana"]
[Black "Hopman, Pieter"]
[Result "0-1"]
[WhiteElo "2122"]
[BlackElo "2307"]
[PlyCount "84"]
[EventDate "2017.12.29"]
[EventType "swiss"]
[EventRounds "9"]
[EventCountry "AUT"]
[SourceTitle "CBM 182 Extra"]
[Source "ChessBase"]
[SourceDate "2018.02.23"]
[SourceVersion "1"]
[SourceVersionDate "2018.02.23"]
[SourceQuality "1"]

1. e4 e5 2. Nf3 Nc6 3. Bb5 a6 4. Ba4 Nf6 5. d3 d6 6. c3 Be7 7. 0-0 0-0 8. Nbd2 b5 9. Bc2 Bb7 10. Re1 Re8 11. Nf1 Bf8 12. Ng3 g6 13. a4 h6 14. axb5 axb5 15. Rxa8 Qxa8 16. h3 Nb8 17. Bb3 Nbd7 18. Be3 d5 19. Nh4 c5 20. exd5 Nxd5 21. Nxg6 fxg6 22. Qg4 Kh7 23. Qxd7+ Re7 24. Qg4 Nxe3 25. Rxe3 Qa1+ 26. Kh2 Qxb2 27. Nf5 Qxb3 28. Nxe7 Qf7 29. Nc8 h5 30. Qg3 Bxc8 31. Qxe5 b4 32. cxb4 cxb4 33. Rf3 Bf5 34. Kg1 Bg7 35. Qb5 Qe7 36. Re3 Qd6 37. Qc4 Qd4 38. Qb5 h4 39. Kf1 Qc3 40. Ke2 Bd4 41. Re7+ Kh6 42. Kf3 Bxd3 0-1

[Event "Schilcherland op 1st"]
[Site "Deutschlandsberg"]
[Date "2017.12.29"]
[Round "1"]
[White "Wilfling, Sandra"]
[Black "Hopman, Pieter"]
[Result "0-1"]
[WhiteElo "1813"]
[BlackElo "2307"]
[PlyCount "92"]
[EventDate "2017.12.29"]
[EventType "swiss"]
[EventRounds "9"]
[EventCountry "AUT"]
[SourceTitle "CBM 182 Extra"]
[Source "ChessBase"]
[SourceDate "2018.02.23"]
[SourceVersion "1"]
[SourceVersionDate "2018.02.23"]
[SourceQuality "1"]

1. d4 d6 2. Nf3 g6 3. c4 Bg7 4. Nc3 Bg4 5. e3 c5 6. Be2 Nc6 7. dxc5 Bxc3+ 8. bxc3 dxc5 9. Qc2 Qc7 10. h3 Bd7 11. e4 h6 12. Be3 b6 13. 0-0 Nf6 14. Nd2 g5 15. f4 Rg8 16. e5 Nxe5 17. fxe5 Qxe5 18. Bf2 Qxe2 19. Rae1 Qh5 20. Bxc5 bxc5 21. Rxf6 Kf8 22. Qe4 Re8 23. Ra6 g4 24. hxg4 Rxg4 25. Qe5 Qxe5 26. Rxe5 Rb8 27. Rxc5 Rb2 28. Rd5 Be6 29. Rd8+ Kg7 30. Rxa7 Rc2 31. a4 Rxc3 32. Raa8 f6 33. Ra7 Kf7 34. Nf1 Rc1 35. Rd2 Bxc4 36. Rf2 Re4 37. Ra5 Ree1 38. Raf5 Ke6 39. a5 Rxf1+ 40. Rxf1 Rxf1+ 41. Rxf1 Bxf1 42. Kxf1 Kd6 43. Ke2 Kc6 44. Ke3 Kb5 45. Ke4 e6 46. a6 Kxa6 0-1